Normal view
MARC view
- Mai, Manfred,
Entry Nombre Personal
001 - NUMERO DE CONTROL
- campo de control: 46200
003 - IDENTIFICADOR DE NUMERO DE CONTROL
- campo de control: UPN
005 - FECHA Y HORA DE LA ÜLTIMA TRANSACCIÓN
- campo de control: 20220906224507.0
008 - DATOS DE LONGITUD FIJA
- campo de control de longitud fija: 220906nn acannaabn n aaa d
040 ## - FUENTE DE CATALOGACIÓN
- Agencia original de catalogación: UPN
100 1# - ENCABEZAMIENTO - NOMBRE PERSONAL
- Nombre personal: Mai, Manfred,
- Fechas asociadas con el nombre: 1949-
670 ## - FUENTE EN LA QUE SE LOCALIZARON DATOS
- Cita de la fuente: LC/P
680 ## - NOTA PUBLICA DE ACCESO PÚBLICO
- Frase explicativa de la referencia: Historiador alemán
902 ## - CATALOGADOR
- Catalogador: CAA/060922
